| 000 | 00703nam a22001937a 4500 | ||
|---|---|---|---|
| 999 |
_c188345 _d188345 |
||
| 005 | 20220519124035.0 | ||
| 010 | _aENG-132692 | ||
| 020 |
_a9789388322515 _c399.00 |
||
| 035 | _aEN-116224 | ||
| 037 | _bDBAD/PUB | ||
| 082 | _a658.400954 | ||
| 100 | _aGopalakrishnan, R. | ||
| 245 |
_aThe Made in India Manager: _bHow To Use Indian Cultural Influences on a Global Stage/ _cR. Gopalakrishnan and Ranjan Banerjee |
||
| 260 |
_aGurugram _bHachette Books Publsihing India Pvt. Ltd _c2019 |
||
| 270 |
_a4th & 5th Floors, Corporate Centre, Plot No. 94, Sector 44 _bGurugram _e122003 |
||
| 300 |
_axix, 196p. _c20cm(pbk) |
||
| 700 | _aBanerjee, Ranjan | ||
| 942 |
_2ddc _cEN _h658.400954 _mGOP |
||